| 000 | 00433nam a2200145Ia 4500 | ||
|---|---|---|---|
| 008 | 151021s9999 xx 000 0 und d | ||
| 020 | _a9.7800773661e+012 | ||
| 050 | _aPN 4129.15 .L83 2009 | ||
| 245 | _a_The art of public speaking(10th ed) Stephen E Lucas | ||
| 260 | _aBoston McGraw hill 2009 | ||
| 500 | _aIncludes index. | ||
| 500 | _aIncludes index. | ||
| 650 | _a_public speaking | ||
| 980 | _a^d20130529 03:45:51^oanne | ||
| 999 |
_c13736 _d13736 |
||